| 000 | 01550cam a2200241 4500 | ||
|---|---|---|---|
| 001 | ABS66732 | ||
| 008 | 030516n2003 000 0 eng u | ||
| 035 | _a(Sirsi) u122300 | ||
| 100 | _aSatsangi, M. | ||
| 245 | 4 | _aThe planning system and the provision of affordable housing in rural Britain: a comparison of the Scottish and English experience | |
| 260 | _c2003 | ||
| 490 |
_aHousing Studies _v18(2) March 2003, 201-217(17) |
||
| 520 | _aCompares recent experience in the use of the planning system to facilitate the provision of affordable housing in rural areas of Scotland and England. Summarises key issues from the relevant literature, sets out the scale of need for rural affordable housing and the scale of delivery in both countries. Advances the hypothesis that Scotland, although a more rural country, has made less use of planning policy to tackle the need for rural social housing. Sees in both countries the environmental sustainability objective of planning policy as a major reason for the scale of provision lagging behind perceived need. Tables cover the classification of rural housing markets, the planning system and affordable housing in rural areas and the factors inhibiting its development. References. [Taken from journal abstract]. | ||
| 590 | _aABS | ||
| 650 | _aPLANNING SYSTEM | ||
| 650 | _aSCOTLAND | ||
| 650 | _aENGLAND | ||
| 650 |
_aAffordable housing _96215 |
||
| 650 | _aRURAL HOUSING | ||
| 690 | _aENVIRONMENTAL AND LAND CONSULTANCY-PLANNING AND DEVELOPMENT | ||
| 700 | _aDunmore, K. | ||
| 942 | _n0 | ||
| 999 |
_c72682 _d72682 |
||